MARC details
| 000 -CABECERA |
| campo de control de longitud fija |
05429nam a2200433 a 4500 |
| 001 - NÚMERO DE CONTROL |
| campo de control |
dia_5318 |
| 003 - IDENTIFICADOR DEL NÚMERO DE CONTROL |
| campo de control |
CHAP |
| 005 - FECHA Y HORA DE LA ÚLTIMA TRANSACCIÓN |
| campo de control |
20240830133829.0 |
| 007 - CAMPO FIJO DE DESCRIPCIÓN FÍSICA--INFORMACIÓN GENERAL |
| campo de control de longitud fija |
ta |
| 008 - DATOS DE LONGITUD FIJA--INFORMACIÓN GENERAL |
| campo de control de longitud fija |
220117s2014 mx ado frm 001 0 spa d |
| 010 ## - NÚMERO DE CONTROL DE LA BIBLIOTECA DEL CONGRESO |
| Número de control de LC |
176229 |
| 040 ## - FUENTE DE LA CATALOGACIÓN |
| Centro catalogador/agencia de origen |
mxchpua |
| Centro/agencia transcriptor |
CHAP |
| 041 0# - CÓDIGO DE LENGUA |
| Código de lengua del texto/banda sonora o título independiente |
spa |
| Código de lengua del sumario o resumen |
eng |
| 090 ## - LOCALMENTE ASIGNADO TIPO-LC NÚMERO DE CLASIFICACIÓN (OCLC); NÚMERO DE CLASIFICACIÓN LOCAL (RLIN) |
| Número de clasificación (OCLC) (R) ; Numero de clasificación, CALL (RLIN) (NR) |
Tesis |
| Número cutter local (OCLC) ; Número de libro/Signatura topográfica íntegra, CALL (RLIN) |
R67 |
| año |
2014 |
| 100 1# - ENTRADA PRINCIPAL--NOMBRE DE PERSONA |
| Nombre de persona |
Rosas Benítez, Adrián |
| 245 10 - MENCIÓN DE TÍTULO |
| Título |
Frigoconservación de frutos de pitaya (Stenocereus pruinosus (Otto) Buxb.) en postcosecha / |
| Mención de responsabilidad, etc. |
Adrián Rosas Benítez y Lucía Trujillo Cárdenas |
| 264 ## - PRODUCCIÓN, PUBLICACIÓN, DISTRIBUCIÓN, FABRICACIÓN Y COPYRIGHT |
| Producción, publicación, distribución, fabricación y copyright |
Chapingo, México : |
| Nombre del de productor, editor, distribuidor, fabricante |
El autor, |
| Fecha de producción, publicación, distribución, fabricación o copyright |
2014 |
| 300 ## - DESCRIPCIÓN FÍSICA |
| Extensión |
63 hojas : |
| Otras características físicas |
ilustraciones, tablas, diagramas, graficas, fotos + |
| Material acompañante/anejo |
1 CD-ROM |
| 336 ## - TIPO DE CONTENIDO |
| Fuente |
rdacontent |
| Término de tipo de contenido |
texto |
| Código de tipo de contenido |
txt |
| 337 ## - TIPO DE MEDIO |
| Fuente |
rdamedia |
| Nombre/término del tipo de medio |
no mediado |
| Código del tipo de medio |
n |
| 338 ## - TIPO DE SOPORTE |
| Fuente |
rdacarrier |
| Nombre/término del tipo de soporte |
volumen |
| Código del tipo de soporte |
nc |
| 502 ## - NOTA DE TESIS |
| Nota de tesis |
Tesis |
| Tipo de título |
(Ingeniero Agroindustrial) -- |
| Nombre de la institución que otorga el título |
UACh. Departamento de Ingeniería Agroindustrial, |
| Año de obtención del título |
2014 |
| 504 ## - NOTA DE BIBLIOGRAFÍA, ETC. |
| Nota de bibliografía, etc. |
Bibliografía : 56-63 |
| 520 3# - SUMARIO, ETC. |
| Sumario, etc. |
Stenocereus pruinosus (Otto) Buxb (pitaya de mayo) es una cactácea columnar que se encuentra en las zonas áridas de México, su producción y recolección representa una importante fuente de ingresos para los productores de estas zonas. Estos frutos presentan una fuerte problemática en su conservación, pues su vida de anaquel se restringe aproximadamente de 4 a 5 días. El objetivo de este trabajo fue prolongar la vida postcosecha de dos variantes de pitaya de mayo por medio de la frigoconservación. Se analizaron frutos de dos variantes: roja y naranja, con el factor espinas y sin espinas, lo cual dio como resultados 4 tratamientos roja con espinas (RCE), roja sin espinas (RSE), naranja con espinas (NCE), naranja sin espinas (NSE), mismas que se mantuvieron en una cámara frigorífica por 21 días a una temperatura de 12°C. La pérdida de peso en las variantes fue de 8.84% ± 5.18 en pitaya roja y 8.53% ± 5.08 en pitaya naranja lo cual no fue estadísticamente distinto (P > 0.05) entre variantes. Variables como pH, acidez titulable, sólidos solubles totales, azúcares totales, solo presentaron diferencias entre variantes, no así entre tratamientos. El contenido de betalaínas totales encontrado en los frutos RCE y NCE se mantuvo constante durante los 21 días, mientras que en los frutos RSE y NSE se fueron degradando al pasar los días; para el caso de fenoles totales se presentó el mismo fenómeno. Las pitayas rojas presentaron mayor capacidad antioxidante (4.21 ± 0.98) respecto a la variante naranja (2.92 ± 0.76), en cuanto a respiración los frutos NCE fueron los que mostraron mayor actividad respiratoria en relación a los RCE, aunque desde el punto de vista estadístico no hubo diferencia (P > 0.05). El tiempo óptimo de frigoconservacion bajo las condiciones analizadas fue de 15 días, después de este periodo comenzó a disminuir su actividad antioxidante y firmeza; sin embargo las demás variables estudiadas permanecieron sin cambio significativo hasta el día 21. |
| 520 3# - SUMARIO, ETC. |
| Sumario, etc. |
Stenocereus pruinosus ( Otto ) Buxb ( pitaya de mayo ) is a columnar cactus that can be found growing in the arid lands of Mexico, production and gathering represents an important source of income for producers in these areas. These fruits presented a strong conservation problematic because their shelf life is limited approximately 4 to 5 days. The objective of the work was extend the shelf-life of two variants of pitaya may through cold storage. The fruits were analyzed: red and orange, with thorns and thornless factor, leading to treatments results 4 with thorns red ( RCE) , thornless red (CSR ), orange spines ( NCE ), orange spineless (NSE ) , which are being kept in cold storage for 21 days at a temperature of 12 ° C. Weight loss in the variants was 8.84 % ± 5.18 in red pitaya and 8.53 % ± 5.08 in orange pitaya; which wasn´t statistically different between variants (P > 0.05). Variables such as pH, contents of acidity, total soluble solids , total sugars, there was different between variants , but there wasn´t between treatments. The content of total betalains found in the RCE and NCE fruits keep on constant for 21 days, while the NSE CSR and fruits were degraded as the days for the case of total phenols showed the same phenomenon. Red pitayas had higher antioxidant capacity (4.21 ± 0.98) than the orange variant (2.92 ± 0.76 ) , for NCE fruits showed higher respiratory activity in relation to RCE, although from the statistical point of view not was no difference ( P > 0.05 ) . The best time for cold storage under the conditions tested was 15 days, during which the nourishing properties of pitaya remain; after that period begins to decrease its antioxidant activity and firmness, but other variables studied remained without significant change until day 21. |
| 650 13 - PUNTO DE ACCESO ADICIONAL DE MATERIA--TÉRMINO DE MATERIA |
| Término de materia o nombre geográfico como elemento de entrada |
Cactaceae |
| Subdivisión general |
Refrigeración |
| Fuente del encabezamiento o término |
atg |
| 650 13 - PUNTO DE ACCESO ADICIONAL DE MATERIA--TÉRMINO DE MATERIA |
| Término de materia o nombre geográfico como elemento de entrada |
Cactaceae |
| Subdivisión general |
Tecnología postcosecha |
| Fuente del encabezamiento o término |
atg |
| 650 13 - PUNTO DE ACCESO ADICIONAL DE MATERIA--TÉRMINO DE MATERIA |
| Término de materia o nombre geográfico como elemento de entrada |
Cactaceae |
| Subdivisión general |
Refrigeration |
| Fuente del encabezamiento o término |
atg |
| 650 13 - PUNTO DE ACCESO ADICIONAL DE MATERIA--TÉRMINO DE MATERIA |
| Término de materia o nombre geográfico como elemento de entrada |
Cactaceae |
| Subdivisión general |
Postharvest technology |
| Fuente del encabezamiento o término |
atg |
| 700 1# - PUNTO DE ACCESO ADICIONAL--NOMBRE DE PERSONA |
| Nombre de persona |
Trujillo Cárdenas, Lucía |
| Término indicativo de función/relación |
autor |
| 700 1# - PUNTO DE ACCESO ADICIONAL--NOMBRE DE PERSONA |
| Nombre de persona |
Valle Guadarrama, Salvador |
| Término indicativo de función/relación |
director |
| 700 1# - PUNTO DE ACCESO ADICIONAL--NOMBRE DE PERSONA |
| Nombre de persona |
García Cruz, Leticia |
| Término indicativo de función/relación |
asesora |
| 700 1# - PUNTO DE ACCESO ADICIONAL--NOMBRE DE PERSONA |
| Nombre de persona |
Salinas Moreno, Yolanda |
| Término indicativo de función/relación |
asesor |
| 856 41 - LOCALIZACIÓN Y ACCESO ELECTRÓNICOS |
| Identificador Uniforme del Recurso |
<a href="http://10.13.5.2/tesis/sist109668.pdf">http://10.13.5.2/tesis/sist109668.pdf</a> |
| Texto de enlace |
DESCARGAR PDF |
| 901 ## - ELEMENTOS DE DATOS A LOCAL LDA (RLIN) |
| a |
TESIS R67 2014 |
| 942 ## - ELEMENTOS DE PUNTO DE ACCESO ADICIONAL (KOHA) |
| Tipo de ítem Koha |
TESIS |
| Fuente del sistema de clasificación o colocación |
Clasificación Universidad Autónoma Chapingo |
| 902 ## - ELEMENTOS DE DATOS B LOCAL, LDB (RLIN) |
| a |
M |
| 905 ## - ELEMENTOS DE DATOS E LOCAL, LDE (RLIN) |
| a |
5232272014 mx nml 8222223322spa16 |